000 00898cam a2200229 a 4500
999 _c1189
_d1189
003 OSt
005 20220915130527.0
008 210624b ||||| |||| 00| 0 eng d
020 _a0387194320
020 _a3540194320
040 _cALUPE UNIVERSITY
050 0 0 _aQP34.5
_b.P48 1989
245 0 0 _aHuman physiology /
_cR.F. Schmidt, G. Thews (eds.) ; translated by Marguerite A. Biederman-Thorson.
250 _a2nd completely rev. ed.
260 _aBerlin ;
_aNew York :
_bSpringer-Verlag,
_cc1989.
300 _axviii, 825 p. :
_bill. (some col.) ;
_c28 cm.
500 _aTranslation of: Physiologie des Menschen: 23. Aufl. 1987.
650 2 _aPhysiology.
_0https://id.nlm.nih.gov/mesh/D010827
700 1 _aSchmidt, Robert F.,
_d1932-
_0http://id.loc.gov/authorities/names/n50006733
700 1 _aThews, Gerhard,
_d1926-2003.
_0http://id.loc.gov/authorities/names/n82070233
942 _2lcc
_cBK
_nJE